European Cities: North to South Quiz Stats

 Plays Quiz Updated Jan 19, 2017

Support Sporcle.
Go Orange.
Score 0/16 Timer 05:00
52 Plays Today
% Correct
???
99.8%
???
85.9%
???
75.2%
???
61.3%
???
40.4%
???
36.1%
???
32.8%
???
29.7%
% Correct
???
23.5%
???
16.4%
???
11.6%
???
7.7%
???
6.3%
???
6.1%
???
5.6%
???
5.4%

You're not logged in!

Compare scores with friends on all Sporcle quizzes.
OR
Log In
Forgot?

From the Vault

Causes of Death (US)

by Dyanna

This quiz is a real killer.
Remove Ads.
Support Sporcle.
Get the best of Sporcle when you Go Orange. This ad-free experience offers more features, more stats, and more fun while also helping to support Sporcle. Thank you for becoming a member.

Show Comments

Extras

Top Quizzes Today


Score Distribution

Your Account Isn't Verified!

In order to create a playlist on Sporcle, you need to verify the email address you used during registration. Go to your Sporcle Settings to finish the process.

Report this User

Report this user for behavior that violates our Community Guidelines.

Details: